000 00959nam a2200301 a 4500
999 _c8005
_d8005
001 991009102289706706
003 OSt
005 20241218140512.0
008 921116s1991 spc|||||| 000 |ccat
015 _aLL2007
_2bnc
017 _aDL B. 42448-1991
_bBiblioteca de Catalunya
020 _a8475841791
035 _a(ES-BaCBU).b1214387x
035 _a(OCoLC)802740232
040 _aES-BaBC
_bcat
_cCDMR
043 _ae-sp---
_be-spc--
_2catmarc
080 _a013(467.1)
100 1 _aTubau, Iván
_9494
245 1 0 _aVides privades :
_buna psicoanàlisi periodística de 26 catalans universals /
_cIvan Tubau
260 _aBarcelona :
_bLaertes,
_c1991
300 _a254 p. ;
_c21 cm
500 _aAl llom: 12
650 0 _aPeriodistes catalans
_93133
_vIntervius
907 _a.b1214387x
_b15-06-21
_c07-05-08
_d06-05-08
_em
_fa
_g-
_hcat
_ispc
_j0
_k7
908 _aBMON
_aBAB
_aBC
_aUAB
_aUB
_aUPF
_aCEC
_aURL
_aGEPA
_aCHCC
940 _aBC
942 _2udc
_cMON